00830nam a2200229 a 450000100100000000500170001000800410002702000180006804000250008608200150011110000390012624501410016525000110030626000350031730000210035249000120037370000330038570000330041883000190045195201130047099900170058300004398720240305090729.0140512s2003 ht 000 0 spa d a9789997000231 aDO-SdBNPbspacBNPHU axxxxbxxxx1 aFranco, Franklin J.,d1936-93441710aDu racisme et de l'anti-haïtianisme :bet autres essais /cFranklin Franco Pichardo ; traductrices Chantal Joachim et Rachelle Doucet. a2a ed. aHaïti :bC3 Editions,c2003. a255 p. ;c22 cm.1 aBohío12aJoachim, Chantaletr.97194512aDoucet, Rachelleetr.971946 0aBohío970437 001050718MOaPDbPDcCTd2014-05-12iLF1l0oxxxx xxxxp43987-10r2020-06-25w2020-06-25y1ZNo se presta c43476d43476